Približenija algebraičeskich čisel

Guardado en:
Detalles Bibliográficos
Formato: Libro
Lenguaje:ruso
Publicado: Moskva Universitet 1981
Etiquetas: Agregar Etiqueta
Sin Etiquetas, Sea el primero en etiquetar este registro!

MARC

LEADER 00000nam a2200000 4500
001 c127018
005 20260128081605.4
041 0 |a rus 
044 |a RU 
245 1 0 |a Približenija algebraičeskich čisel  |c Naum Il'jič Fel'dman 
264 1 |a Moskva  |b Universitet  |c 1981 
300 |a 199 s.